Principles and Practice of Management (Record no. 2318)

MARC details
000 -LEADER
fixed length control field 00423nam a22001697a 4500
005 - DATE AND TIME OF LATEST TRANSACTION
control field 20211118114532.0
008 - FIXED-LENGTH DATA ELEMENTS--GENERAL INFORMATION
fixed length control field 160601b xxu||||| |||| 00| 0 eng d
020 ## - INTERNATIONAL STANDARD BOOK NUMBER
ISBN 978-81-8054-695-2
041 ## - LANGUAGE CODE
Language code of text/sound track or separate title eng
082 ## - DEWEY DECIMAL CLASSIFICATION NUMBER
Item number 6643
100 ## - MAIN ENTRY--AUTHOR NAME
Personal name Prasad L.M.
245 ## - TITLE STATEMENT
Title Principles and Practice of Management
260 ## - PUBLICATION, DISTRIBUTION, ETC. (IMPRINT)
Place of publication New Delhi
Name of publisher Sultan Chand & Sons,
Year of publication 2010
300 ## - PHYSICAL DESCRIPTION
Number of Pages 870
650 ## - SUBJECT ADDED ENTRY--TOPICAL TERM
Topical Term Management
942 ## - ADDED ENTRY ELEMENTS (KOHA)
Koha item type Books
Holdings
Lost status Damaged status Home library Current library Shelving location Date acquired Cost, normal purchase price Full call number Accession Number Koha item type Collection code
    JRU Library   SHELF-17-C 01/06/2016 325.00 6643 6643 Books  
    JRU Library JRU Library SHELF-38-D 01/06/2016 325.00 6643 6644 Books MANAGEMENT
    JRU Library     01/06/2016 325.00 6643 6645 Books  
    JRU Library JRU Library SHELF-38-D 01/06/2016 325.00 6643 6646 Books MANAGEMENT
    JRU Library JRU Library SHELF-38-D 01/06/2016 325.00 6643 6647 Books MANAGEMENT